Drilling engineering problems and solutions : (Record no. 6923)

MARC details
000 -LEADER
fixed length control field 00635nam a22001937a 4500
003 - CONTROL NUMBER IDENTIFIER
control field OSt
005 - DATE AND TIME OF LATEST TRANSACTION
control field 20210510163712.0
008 - FIXED-LENGTH DATA ELEMENTS--GENERAL INFORMATION
fixed length control field 210510b ||||| |||| 00| 0 eng d
020 ## - INTERNATIONAL STANDARD BOOK NUMBER
International Standard Book Number 9781118998342
040 ## - CATALOGING SOURCE
Transcribing agency DDC
082 ## - DEWEY DECIMAL CLASSIFICATION NUMBER
Classification number 623.828 DRI 2018
100 ## - MAIN ENTRY--PERSONAL NAME
Personal name Hossain, M. Enamul
9 (RLIN) 14202
245 ## - TITLE STATEMENT
Title Drilling engineering problems and solutions :
Remainder of title A Field Guide for Engineers and Students
260 ## - PUBLICATION, DISTRIBUTION, ETC. (IMPRINT)
Place of publication, distribution, etc. Hoboken, NJ, USA :
Name of publisher, distributor, etc. Wiley-Scrivener,
Date of publication, distribution, etc. 2018
300 ## - PHYSICAL DESCRIPTION
Extent xix,617p.:
Other physical details ill;
Dimensions 26cm.
504 ## - BIBLIOGRAPHY, ETC. NOTE
Bibliography, etc Includes bibliographical references and index.
650 ## - SUBJECT ADDED ENTRY--TOPICAL TERM
Topical term or geographic name as entry element Oil well drilling -- Handbooks, manual
9 (RLIN) 14203
942 ## - ADDED ENTRY ELEMENTS (KOHA)
Source of classification or shelving scheme Dewey Decimal Classification
Koha item type Book
Holdings
Withdrawn status Lost status Source of classification or shelving scheme Damaged status Not for loan Home library Current library Date acquired Source of acquisition Inventory number Total Checkouts Full call number Barcode Date last seen Price effective from Koha item type Public note
    Dewey Decimal Classification     Main Kihumuro Campus MUST Main Library 08/08/2022 Purchase 22/41964   623.828 DRI 2018 2022-0764 08/08/2022 08/08/2022 Book  
    Dewey Decimal Classification     Main Kihumuro Campus Main Kihumuro Campus 10/05/2021 Purchase 21/40410   623.828 DRI 2018 2021-0505 10/05/2021 10/05/2021 Book Material in Hard copy